Score 0/15 Timer 01:00
0 Plays Today
% Correct
Furious
99.6%
Fire
99.1%
Begins
99.1%
Hawk
98.2%
Bourne
97.8%
Solace
96.9%
Four
96.9%
Voltage
96.9%
% Correct
King
96.4%
Dragon
95.5%
Lies
95.5%
Union
95.5%
Report
93.3%
Tiger
93.3%
Hurt
93.3%

You're not logged in!

Compare scores with friends on all Sporcle quizzes.
OR
Log In

Sporcle TV

Today on Sporcle TV


Watch our educational content, quiz creation guides, and fun videos on Sporcle TV.

Show Comments

Extras

Top Quizzes Today


Score Distribution

Paid Content

Your Account Isn't Verified!

In order to create a playlist on Sporcle, you need to verify the email address you used during registration. Go to your Sporcle Settings to finish the process.

Report this User

Report this user for behavior that violates our Community Guidelines.

Details: